banner koha

Efeito da adubacao de fosforo e calcario em trigo e do residual para trigo e soja [Triticum aestivum; Glycine max; Brasil] (Registro n. 15898)

MARC details
000 -LÍDER
campo de controle de tamanho fixo 01199nam a22003737a 4500
001 - NÚMERO DE CONTROLE
campo de controle BR7302626
003 - IDENTIFICADOR DO NÚMERO DE CONTROLE
campo de controle BR-BrBNA
005 - DATA E HORÁRIO DA ÚLTIMA TRANSAÇÃO
campo de controle 20230928083930.0
007 - CAMPO FIXO DE DESCRIÇÃO FÍSICA--INFORMAÇÃO GERAL
campo de controle de tamanho fixo ta
008 - CAMPO DE DADOS FIXOS--INFORMAÇÃO GERAL
campo de controle de tamanho fixo 230509b bl.||||| |||| 00| 0 por d
040 ## - FONTE DA CATALOGAÇÃO
Instituição da catalogação original BR-BrBNA
Idioma da catalogação por
Instituição que transcreveu o registro Biblioteca Nacional de Agricultura
041 ## - CÓDIGO DE IDIOMA
Código do idioma do texto/trilha sonora ou título diferente (Por)
072 ## - CÓDIGO DE CATEGORIA DE ASSUNTO
Código de Categoria de Assunto F25
Código do objeto 0180
-- 0336
-- 3830
-- 3840
-- /G514
090 ## - NÚMERO DE CHAMADA LOCAL
-- 0180 BR7302626
100 1# - ENTRADA PRINCIPAL--NOME PESSOAL
Nome pessoal Langer, F.A.
100 1# - ENTRADA PRINCIPAL--NOME PESSOAL
Nome pessoal Dall'Agnol, A.
100 1# - ENTRADA PRINCIPAL--NOME PESSOAL
Nome pessoal Dotto, S.R.
100 1# - ENTRADA PRINCIPAL--NOME PESSOAL
Nome pessoal Bonato, E.R.
100 1# - ENTRADA PRINCIPAL--NOME PESSOAL
Nome pessoal Pan, C.L.
110 1# - ENTRADA PRINCIPAL--NOME CORPORATIVO
Nome corporativo ou nome da jurisdição Instituto de Pesquisa Agropecuaria do Sul, Passo Fundo, RS (Brasil). Estacao Experimental de Passo Fundo
9 (RLIN) 6096
111 1# - ENTRADA PRINCIPAL--NOME DO EVENTO
Nome do evento ou lugar 3. Reuniao Anual Conjunta de Pesquisa de Trigo
Local do evento Curitiba, PR (Brazil)
Data do evento ou assinatura do tratado 1971
245 1# - TÍTULO
Título Efeito da adubacao de fosforo e calcario em trigo e do residual para trigo e soja [Triticum aestivum; Glycine max; Brasil]
260 3# - PUBLICAÇÃO, DISTRIBUIÇÃO, ETC.
Local de publicação, distribuição, etc. Passo Fundo, RS (Brasil):
Data da publicação, distribuição, etc. 1971.
300 ## - DESCRIÇÃO FÍSICA
Extensão 10 p.
500 ## - NOTA GERAL
Nota geral 7 tables
650 ## - ASSUNTO--TERMO TÓPICO
Cabeçalho tópico ou nome geográfico Fertilidade do solo
650 ## - ASSUNTO--TERMO TÓPICO
Cabeçalho tópico ou nome geográfico Trigo
650 ## - ASSUNTO--TERMO TÓPICO
Cabeçalho tópico ou nome geográfico Soja
650 ## - ASSUNTO--TERMO TÓPICO
Cabeçalho tópico ou nome geográfico Fertilizante fosfatado
650 ## - ASSUNTO--TERMO TÓPICO
Cabeçalho tópico ou nome geográfico Calcario
650 ## - ASSUNTO--TERMO TÓPICO
Cabeçalho tópico ou nome geográfico Efeito residual
909 ## -
-- 202309
-- Lucia
-- 55
-- Lucia Elande
942 ## - ELEMENTOS DE ENTRADA ADICIONADOS (KOHA)
Tipo de material Koha Livros
Exemplares
Situação do descarte Fonte da classificação ou esquema de arquivamento na estante Situação física Não pode ser emprestado Coleção Biblioteca de origem Biblioteca atual Total de empréstimos Número de telefone completo Código de barras Data de último acesso Número do exemplar Tipo de material Koha Situação das perdas Data de aquisição Fonte de aquisição
  Classificação AGRIS       Biblioteca Nacional de Agricultura - Binagri Biblioteca Nacional de Agricultura - Binagri   0180 BR7302626 0180 BR7302626 25/09/2023 01 Livros   2023-09-25 Portaria Interministerial nº 164/94

BINAGRI

Telefone: (61)3218-2567/2388/3357/2097 - binagri@agro.gov.br

Ministério da Agricultura e Pecuária , Esplanada dos Ministérios, Bloco D, Anexo B, Brasília/DF, CEP: 70.043-900